| 000 | 01774nam a2200241 a 4500 | ||
|---|---|---|---|
| 005 | 20140310183356.0 | ||
| 008 | 121029s19uu xx 00 eng d | ||
| 020 | _a9780521734967 | ||
| 050 |
_aPN 3344 _b.C36 2012 |
||
| 245 |
_aThe Cambridge companion to popular fiction / _cedited by David Glover and Scott McCracken. |
||
| 260 |
_aCambridge, UK ; New York : Cambridge University Press, 2012 : _bCambridge University Press, _c2012. |
||
| 300 |
_a225 p. : _c23 cm. |
||
| 440 | _aCambridge companions to topics | ||
| 500 | _aIncludes index | ||
| 520 | _aPopular commercial fiction emerged in the nineteenth century, with serialised novels and sensational penny dreadfuls. Today it remains a multi-million dollar industry giving pleasure to many, but it is also a field of growing interest for scholars and students of literature. This Companion covers the major developments in the history of popular fiction, with specially commissioned chapters on pulp fiction, bestsellers, and comics and graphic narratives. The volume also examines the public and personal everyday contexts within which popular texts are read, highlighting the ways in which such narratives have circulated across a variety of constantly changing media, including theatre, television, cinema and new computer-based digital forms. Case studies from key genres - crime fiction, romance and Gothic horror - as well as a full chronology and guide to further reading make this collection indispensable to all those interested in this complex and vibrant cultural field | ||
| 650 |
_aFiction _xSocial aspects |
||
| 650 | _aPopular culture and literature | ||
| 650 | _aLiterature and society | ||
| 650 | _aFiction genres | ||
| 700 | _aMcCracken, Scott | ||
| 942 |
_cBK _2lcc _kFOR |
||
| 999 |
_c22241 _d22241 |
||